Central Library OPAC University of Rajshahi

Children communicating : (Record no. 67731)

MARC details
000 -LEADER
fixed length control field 01029nam a2200289 a 4500
001 - CONTROL NUMBER
control field 67731
003 - CONTROL NUMBER IDENTIFIER
rucl marc code BD-RjUL
005 - DATE AND TIME OF LATEST TRANSACTION
control field 20211209081704.0
008 - FIXED-LENGTH DATA ELEMENTS--GENERAL INFORMATION
fixed length control field 170328s1979 caua b 000 0 eng
020 ## - INTERNATIONAL STANDARD BOOK NUMBER
International Standard Book Number 0803911718.
-- 0803911726
035 ## - SYSTEM CONTROL NUMBER
System control number (BD-RjUL)67940
040 ## - CATALOGING SOURCE
Original cataloging agency DLC
Transcribing agency DLC
Modifying agency MYG
-- BD-RjUL
Language of cataloging eng
041 ## - LANGUAGE CODE
Language code of text/sound track or separate title eng
082 ## - DEWEY DECIMAL CLASSIFICATION NUMBER
Edition number 23
Classification number 155.418
Author mark and year CHI 1979
245 00 - TITLE STATEMENT
Title Children communicating :
Remainder of title media and development of thought, speech, understanding /
Statement of responsibility, etc. Ellen Wartella, editor.
260 ## - PUBLICATION, DISTRIBUTION, ETC. (IMPRINT)
Place of publication, distribution, etc. Beverly Hills, Calif. :
Name of publisher, distributor, etc. Sage Publications,
Date of publication, distribution, etc. c1979.
300 ## - PHYSICAL DESCRIPTION
Pagination 286 p. :
Illustrations ill. ;
Size 22 cm.
490 1# - SERIES STATEMENT
Series statement Sage annual reviews of communications research ; v. 7
504 ## - BIBLIOGRAPHY, ETC. NOTE
Bibliography, etc Includes bibliographies.
650 #0 - SUBJECT ADDED ENTRY--TOPICAL TERM
Topical term or geographic name as entry element Television and children.
9 (RLIN) 200800
Topical term or geographic name as entry element Child development.
9 (RLIN) 200801
Topical term or geographic name as entry element Cognition in children.
9 (RLIN) 140712
Topical term or geographic name as entry element Interpersonal communication.
9 (RLIN) 200802
700 1# - ADDED ENTRY--PERSONAL NAME
Personal name Wartella, Ellen.
830 #0 - SERIES ADDED ENTRY--UNIFORM TITLE
Uniform title Sage annual reviews of communication research ;
Volume number/sequential designation v. 7.
942 ## - ADDED ENTRY ELEMENTS (KOHA)
Source of classification or shelving scheme Dewey Decimal Classification
Koha item type Books
Holdings
Lost status Source of classification or shelving scheme Damaged status Not for loan Collection code Permanent Location Current Location Shelving location Date acquired Source of acquisition Total Checkouts Full call number Date last seen Copy number Koha item type
  Dewey Decimal Classification   Not For Loan Non-fiction Central Library, University of Rajshahi Central Library, University of Rajshahi Reading Room 15/06/1991 Asia Foundation   155.418 CHI 1979 28/03/2017 C-1 Books